Statistics for Star-Spangled Banner Quiz

Click here to take the quiz!

General Stats

  • This quiz has been taken 157,911 times
    (94,168 since last reset)
  • The average score is 44 of 62

Answer Stats

Lyric% Correct
the
98%
can
96%
Oh,
96%
see
96%
you
96%
say
94%
by
91%
light
89%
star-
88%
and
87%
And
87%
we
86%
early
85%
dawn's
84%
so
82%
banner
78%
proudly
78%
spangled
78%
of
77%
free
75%
What
75%
land
74%
brave
73%
home
73%
in
73%
gleaming
72%
that
72%
last
71%
flag
70%
through
69%
air
68%
red
68%
rockets'
68%
twilight's
68%
bombs
67%
night
67%
still
67%
was
67%
bursting
66%
there
66%
glare
65%
at
64%
our
64%
bright
63%
stripes
63%
does
62%
wave
62%
stars
61%
yet
61%
Gave
60%
proof
57%
hailed
56%
broad
53%
fight
53%
O'er
52%
ramparts
52%
Whose
52%
perilous
51%
gallantly
50%
streaming
49%
were
49%
watched
48%

Score Distribution

Percentile by Number Answered

Percent of People with Each Score

Your Score History

You have not taken this quiz since the last reset